Автомобили (Запись № 4308542)
[ простой вид ]
| 000 -МАРКЕР | |
|---|---|
| контрольное поле | 02276nam0a2200361 i 4500 |
| 001 - ИДЕНТИФИКАТОР ЗАПИСИ | |
| контрольное поле | RU\NLR\bibl\2008649 |
| 005 - ИДЕНТИФИКАТОР ВЕРСИИ | |
| контрольное поле | 20260406151945.0 |
| 010 ## - МЕЖДУНАРОДНЫЙ СТАНДАРТНЫЙ НОМЕР КНИГИ (ISBN) | |
| Номер (ISBN) | 9785769591402 |
| Тираж | 1000 |
| 021 ## - НОМЕР ГОСУДАРСТВЕННОЙ РЕГИСТРАЦИИ | |
| Код страны | Российская Федерация |
| Номер | 2013-38239 |
| Номер Листа государственной регистраци | 2625 |
| 035 ## - ДРУГИЕ СИСТЕМНЫЕ НОМЕРА | |
| Идентификатор записи | (NLR Aleph) 001997244 |
| 100 ## - ДАННЫЕ ОБЩЕЙ ОБРАБОТКИ | |
| Данные общей обработки | 20130201d2013 u y0rusy50 ca |
| 101 0# - ЯЗЫК РЕСУРСА | |
| Язык текста, звукозаписи и т.д. | русский |
| 102 ## - СТРАНА ПУБЛИКАЦИИ ИЛИ ПРОИЗВОДСТВА | |
| Страна публикации | Российская Федерация |
| 105 ## - ПОЛЕ КОДИРОВАННЫХ ДАННЫХ: ТЕКСТОВЫЕ МАТЕРИАЛЫ, МОНОГРАФИЧЕСКИЕ | |
| Кодированные данные о монографическом текстовом документе | a ||||||||| |
| 200 1# - ЗАГЛАВИЕ И СВЕДЕНИЯ ОБ ОТВЕТСТВЕННОСТИ | |
| Основное заглавие | Автомобили |
| Сведения, относящиеся к заглавию | теория эксплуатационных свойств |
| -- | учебник |
| -- | для студентов высших учебных заведений, обучающихся по направлению подготовки бакалавров "Эксплуатация транспортно-технологических машин и комплексов" (профили подготовки "Автомобили и автомобильное хозяйство" и "Автомобильный сервис") |
| Первые сведения об ответственности | [Иванов Андрей Михайлович, Нарбут Андрей Николаевич, Паршин Александр Сергеевич и др.] |
| Последующие сведения об ответственности | под ред. д.т.н., проф. А.М. Иванова |
| 210 ## - ПУБЛИКАЦИЯ, РАСПРОСТРАНЕНИЕ И ДР. | |
| Место издания, распространения и т.д. | Москва |
| Имя издателя, распространителя и т. д. | Академия |
| Дата издания, распространения и т.д. | 2013 |
| 215 ## - ФИЗИЧЕСКАЯ ХАРАКТЕРИСТИКА | |
| Специфическое обозначение материала и объем | 170, [1] с. |
| Другие сведения о физической характеристике | ил. |
| Размеры | 22 |
| 225 1# - СЕРИЯ | |
| Основное заглавие серии | Высшее профессиональное образование |
| Наименование части | Транспорт |
| 225 1# - СЕРИЯ | |
| Основное заглавие серии | Бакалавриат |
| 300 ## - ОБЩИЕ ПРИМЕЧАНИЯ | |
| Текст примечания | Авт. указаны в вып. дан. |
| 320 ## - ПРИМЕЧАНИЯ О НАЛИЧИИ В ДОКУМЕНТЕ БИБЛИОГРАФИИ / УКАЗАТЕЛЯ | |
| Текст примечания | Библиогр.: с. 169 (11 назв.) |
| 606 1# - НАИМЕНОВАНИЕ ТЕМЫ КАК ПРЕДМЕТ | |
| Наименование темы | Автомобили |
| Формальный подзаголовок | Учебники для высших учебных заведений |
| Тематический подзаголовок | Эксплуатационные свойства |
| Системный номер авторитетной/нормативной записи | 2291768 |
| Идентификатор авторитетной/нормативной записи | RU\NLR\auth\661372503 |
| 686 ## - ИНДЕКСЫ ДРУГИХ КЛАССИФИКАЦИЙ | |
| Индекс | О33-01я73-1 |
| 701 #1 - ИМЯ ЛИЦА - АЛЬТЕРНАТИВНАЯ ОТВЕТСТВЕННОСТЬ | |
| Код отношения | Автор |
| Графика поля | Кириллица |
| Материалы, к которым относится поле | rus |
| Начальный элемент ввода | Иванов |
| Часть имени, кроме начального элемента ввода | А. М. |
| Дополнения к именам, кроме дат | д-р техн. наук, автомобили |
| Даты | 1956- |
| Расширение инициалов личного имени | Андрей Михайлович |
| Системный номер авторитетной/нормативной записи | 104542 |
| Идентификатор авторитетной/нормативной записи | RU\NLR\AUTH\77121617 |
| 701 #1 - ИМЯ ЛИЦА - АЛЬТЕРНАТИВНАЯ ОТВЕТСТВЕННОСТЬ | |
| Код отношения | Автор |
| Графика поля | Кириллица |
| Материалы, к которым относится поле | rus |
| Начальный элемент ввода | Нарбут |
| Часть имени, кроме начального элемента ввода | А. Н. |
| Дополнения к именам, кроме дат | д-р техн. наук |
| Даты | 1930- |
| Расширение инициалов личного имени | Андрей Николаевич |
| Системный номер авторитетной/нормативной записи | 115599 |
| Идентификатор авторитетной/нормативной записи | RU\NLR\auth\775636 |
| 701 #1 - ИМЯ ЛИЦА - АЛЬТЕРНАТИВНАЯ ОТВЕТСТВЕННОСТЬ | |
| Начальный элемент ввода | Паршин |
| Часть имени, кроме начального элемента ввода | А. С. |
| Расширение инициалов личного имени | Александр Сергеевич |
| Код отношения | Автор |
| 801 #0 - ИСТОЧНИК ЗАПИСИ | |
| Страна | Российская Федерация |
| Организация | NLR |
| Дата составления | 20130201 |
| Правила каталогизации | RCR |
| 801 #1 - ИСТОЧНИК ЗАПИСИ | |
| Страна | Российская Федерация |
| Организация | NLR |
| Дата составления | 20130201 |
| 942 ## - ДОПОЛНИТЕЛЬНЫЕ ЭЛЕМЕНТЫ ЗАПИСИ (АБИС) | |
| Тип экземпляра АБИС | Книга |
| 980 ## - КОЛЛЕКЦИЯ | |
| Название коллекции | НБР |
Нет доступных экземпляров.